000
00337 a2200157 4500
001
162782
020
_a
040
_c
Magnum
100
_a
Nucci, Nely A. Guernelli
240
1
0
_a
A abelhinha e a tartaruga
_l
por
245
1
0
_a
A abelhinha e a tartaruga
362
0
_a
1899
440
1
_a
Paulinas
697
_a
IJ/GERAL
942
_c
BK
999
_c
162782
_d
162782